Contemporary engineering economics (Record no. 2014)

000 -LEADER
fixed length control field 00571nam a22002054a 4500
001 - CONTROL NUMBER
control field 2014
003 - CONTROL NUMBER IDENTIFIER
control field BD-DhUET
008 - FIXED-LENGTH DATA ELEMENTS--GENERAL INFORMATION
fixed length control field 160220b xxu||||| |||| 00| 0 eng d
020 ## - INTERNATIONAL STANDARD BOOK NUMBER
International Standard Book Number 0130893102
040 ## - CATALOGING SOURCE
Original cataloging agency DLC
Transcribing agency DLC
Modifying agency BD-DhUET
Language of cataloging 0
082 00 - DEWEY DECIMAL CLASSIFICATION NUMBER
Classification number 658.15
Item number PAR/2002
100 1# - MAIN ENTRY--PERSONAL NAME
Personal name Park, Chan S.
245 10 - TITLE STATEMENT
Title Contemporary engineering economics
Statement of responsibility, etc. by Chan S. Park
250 ## - EDITION STATEMENT
Edition statement 3rd ed.
260 ## - PUBLICATION, DISTRIBUTION, ETC. (IMPRINT)
Place of publication, distribution, etc. New Jersey
Name of publisher, distributor, etc. Prentice Hall
Date of publication, distribution, etc. 2002
300 ## - PHYSICAL DESCRIPTION
Extent xxxi, 920 p.
Other physical details ill. (some col.), map
Dimensions 24 cm.
504 ## - BIBLIOGRAPHY, ETC. NOTE
Bibliography, etc Includes bibliographies
650 #0 - SUBJECT ADDED ENTRY--TOPICAL TERM
Topical term or geographic name as entry element Engineering economy
942 ## - ADDED ENTRY ELEMENTS (KOHA)
Koha item type General Book
Holdings
Piece designation (barcode) Source of classification or shelving scheme Koha date last borrowed Koha item type Copy number Koha full call number Koha date last seen Date acquired Damaged status Location (home branch) Withdrawn status Shelving location Price effective from Koha normalized classification for sorting Lost status Not for loan Sublocation or collection (holding branch) Koha issues (times borrowed)
102575  General Book1658.15/PAR/20022014-09-162014-09-16 Central Library, BUET Circulation section2014-09-16658_000000000000000_15PAR2002  Central Library, BUET 
102580  General Book2658.15/PAR/20022014-09-162014-09-16 Central Library, BUET Circulation section2014-09-16658_000000000000000_15PAR2002  Central Library, BUET 
102574 2018-11-12General Book3658.15/PAR/20022019-04-132014-09-16 Central Library, BUET Circulation section2014-09-16658_000000000000000_15PAR2002  Central Library, BUET1
102579  General Book4658.15/PAR/20022014-09-162014-09-16 Central Library, BUET Circulation section2014-09-16658_000000000000000_15PAR2002  Central Library, BUET 
102581  General Book5658.15/PAR/20022014-09-162014-09-16 Central Library, BUET Circulation section2014-09-16658_000000000000000_15PAR2002  Central Library, BUET 
102576  General Book6658.15/PAR/20022014-09-162014-09-16 Central Library, BUET Circulation section2014-09-16658_000000000000000_15PAR2002  Central Library, BUET 
102578  General Book7658.15/PAR/20022014-09-162014-09-16 Central Library, BUET Circulation section2014-09-16658_000000000000000_15PAR2002  Central Library, BUET 
102577  General Book8658.15/PAR/20022014-09-162014-09-16 Central Library, BUET Circulation section2014-09-16658_000000000000000_15PAR2002  Central Library, BUET 
102573  General Book9658.15/PAR/20022014-09-162014-09-16 Central Library, BUET Circulation section2014-09-16658_000000000000000_15PAR2002  Central Library, BUET 
102582  General Book10658.15/PAR/20022017-04-152006-06-26 Central Library, BUET Circulation section2017-04-15658_150000000000000_PAR_2002  Central Library, BUET